000 00454nam a2200157 i 4500
001 95811
003 ES-MaACL
005 20230906181757.0
007 t|
008 050606s1905 mx ||||1| spa d
100 1 _aMacedo, Pablo.
_975135
245 1 3 _aLa evolución mercantil
_b: comunicaciones y obras públicas. La Hacienda /
_cPablo Macedo.
260 _aMéxico :
_bJ. Ballescá,
_c1905.
300 _a617 p. ;
_c21 cm.
852 _aES-MaACL
_jF-1834
999 _c95811
_d95811